|
|
|
|
| LEADER |
01422nam a22003137a 4500 |
| 001 |
32609 |
| 003 |
BD-DhAAL |
| 005 |
20211114152541.0 |
| 008 |
180116t2015 xxka i 001 0 eng d |
| 999 |
|
|
|c 39032
|d 39032
|
| 020 |
|
|
|a 9781785883262
|
| 020 |
|
|
|a 1785883267
|
| 040 |
|
|
|a BD-DhAAL
|
| 082 |
|
|
|a 004.165
|2 22
|
| 100 |
|
|
|a Horton, John
|9 24868
|
| 245 |
1 |
0 |
|a Android programming for beginners :
|b learn all the Java and Android skills you need to start making powerful mobile applications /
|c John Horton.
|
| 260 |
|
|
|a Birmingham, UK :
|b Packt Publishing Ltd.,
|c c2015
|
| 300 |
|
|
|a xxiv, 660 pages :
|b illustrations ;
|c 24 cm
|
| 500 |
|
|
|a Includes index.
|
| 526 |
|
|
|a AAL
|
| 541 |
|
|
|a Development Book Agency
|e 32609
|
| 630 |
0 |
0 |
|a Android (Electronic resource)
|9 24869
|
| 650 |
|
0 |
|a Application software
|x Development.
|9 24870
|
| 650 |
|
0 |
|a Tablet computers
|x Programming.
|9 24871
|
| 650 |
|
0 |
|a Computer science.
|9 42416
|
| 852 |
|
|
|a Ayesha Abed Library
|c General Stacks
|
| 942 |
|
|
|2 ddc
|c BK
|
| 952 |
|
|
|0 0
|1 0
|2 ddc
|4 0
|6 004_165000000000000_HOR
|7 0
|9 62622
|a BRACUL
|b BRACUL
|c GEN
|d 2018-01-14
|e Development Book Agency
|g 5600.00
|l 12
|m 95
|o 004.165 HOR
|p 3010032609
|r 2025-09-08
|s 2025-07-16
|t 1
|v 5600.00
|w 2018-01-14
|y BK
|
| 952 |
|
|
|0 0
|1 0
|2 ddc
|4 0
|6 004_165000000000000_HOR
|7 0
|9 62623
|a BRACUL
|b BRACUL
|c GEN
|d 2018-01-14
|e Development Book Agency
|g 5600.00
|l 11
|m 107
|o 004.165 HOR
|p 3010032610
|r 2025-11-06
|s 2023-06-06
|t 2
|v 5600.00
|w 2018-01-14
|y BK
|